000 01138nam0a22002651 4500
001 rc\3972488
005 20130415121447.3
021 _aRU
_b[56-5923]
035 _a(NLR Aleph) 008056972
090 _a8978181
_c8978181
100 _a20130415d1955 |||y0rusy50 ca
101 0 _arus
102 _aRU
105 _aab z |||||
200 1 _aИстория Латвийской ССР
_e(С древнейших времен до 1953 года)
_eСокр. курс
_fПод ред. действ. чл. Акад. наук Латв. ССР К.Я. Страздиня
_gАкад. наук Латв. ССР. Ин-т истории и материальной культуры
210 _aРига
_cИзд-во Акад. наук Латв. ССР
_d1955
215 _a621 с., 1 л. карт.
_cил.
_d23
607 _aЛатвийская ССР
_xИстория
_2psbo
702 1 _aСтраздичь
_bК. Я.
_4340
712 0 2 _aИнститут истории и материальной культуры (Рига)
801 0 _aRU
_bNLR
_gpsbo
801 1 _aRU
_bELAR
_2rusmarc
852 _aNLR
_jИр80 Г-5/172
942 _cBOOK
980 _aNB